The Vietnam war : an eyewitness history
| Main Author: | |
|---|---|
| Format: | Book |
| Published: |
New York :
Facts on File ,
1992
|
| Subjects: |
MARC
| LEADER | 00000cam a2200000 7i4500 | ||
|---|---|---|---|
| 001 | 0000004177 | ||
| 002 | 000004493 | ||
| 005 | 20020423.0 | ||
| 020 | |a 0816026173 | ||
| 090 | 0 | 0 | |a 957.7043 |b WEX |
| 100 | 1 | |a Swexler, Sanford | |
| 245 | 1 | 4 | |a The Vietnam war : |b an eyewitness history |c Sanford Wexler |
| 260 | |a New York : |b Facts on File , |c 1992 | ||
| 300 | |a 393p. ; |c 30cm. | ||
| 650 | 0 | 0 | |a Vietnamese conflict,1961-1975 |
| 999 | |a 033468 |b BUKU |c PINJAMAN |e PERPUSTAKAAN KOMUNITI PETALING JAYA | ||